000 00706nam a2200253Ia 4500
003 OSt
005 20221007080142.0
006 a|||||r|||| 00| 0
007 ta
008 221006b |||||||| |||| 00| 0 eng d
020 _a817194177X
_cRs. 255
024 _a7,480
037 _cTextual
040 _aFLL
_cFLL
_beng
041 _2eng
_aeng
082 _aX72:Z29, N8
100 _aSinghania Vinod K.
245 0 _aDirect taxes law & practice
260 _aNew Delhi
_bTaxmann Publications (P.) Ltd. India
_c1998
300 _axxii,1004p
_ccm.
700 _a Singhania Kapil
942 _hX72:Z29, N8
_cTEXL
_2CC
999 _c1158501
_d1158501